Tájértekezlet Szegeden A cigány lakosság művelődéséért
Elmentve itt :
| Dokumentumtípus: | Cikk |
|---|---|
| Megjelent: |
1982-05-22
|
| Sorozat: | Délmagyarország
72 No. 118 |
| Kulcsszavak: | cigánykérdés |
| Online Access: | http://dmarchiv.bibl.u-szeged.hu/110710 |
| LEADER | 00439nab a2200145 i 4500 | ||
|---|---|---|---|
| 001 | delm110710 | ||
| 005 | 20190624115352.0 | ||
| 008 | 190624s1982 hu o 0|| hun d | ||
| 040 | |a SZTE Délmagyarország Archívum |b hun | ||
| 041 | |a hun | ||
| 245 | 0 | 0 | |a Tájértekezlet Szegeden |h [elektronikus dokumentum] : |b A cigány lakosság művelődéséért |
| 260 | |c 1982-05-22 | ||
| 300 | |a 4 | ||
| 490 | 0 | |a Délmagyarország |v 72 No. 118 | |
| 695 | |a cigánykérdés | ||